Корабль дураков. Похвала глупости. Навозник гонится за орлом. Письма темных людей. Диалоги (Record no. 318868)

MARC details
000 -Лідер
fixed length control field 00885nam a22002657a 4500
001 - Контрольний номер
control field 32425
003 - Ідентифікатор контрольного номера
control field UA-OsUOA
005 - Дата та час останнього входження (трансакції)
control field 20220527141523.0
007 - Фіксоване поле фізичного опису
fixed length control field ta
008 - Елементи даних фіксованої довжини – загальна інформація
fixed length control field 20050201b un ||||| |||| 00| 0 ukr d
040 ## - Джерело каталогізації
Агенція оригінальної каталогізації UA-OsUOA
Мова каталогізації rus
Агенція, яка здійснювала перезапис UA-OsUOA
Агенція, яка здійснювала модифікацію UA-OsUOA
041 ## - Код мови
Код мови тексту/ звукової доріжки чи окремого заголовка (П) rus
044 ## - Код країни видавця/ виробника
Код країни видавця/ виробника (П) RU
080 ## - Індекс Універсальної десяткової класифікації
Індекс Універсальної десяткової класифікації (УДК) (НП) 821.112.2
090 ## - Локальний шифр розміщення
Класифікаційний індекс УДК 821.112.2
Авторський знак (НП) Б87
100 ## - Основне введення – ім’я особи
Ім’я особи (НП) Брант С.
245 ## - Відомості про назву
Назва (НП) Корабль дураков. Похвала глупости. Навозник гонится за орлом. Письма темных людей. Диалоги
Дані про відповідальність (НП) вступ. ст. Б. Пуришева
260 ## - Публікація, розповсюдження і т.п. (Вихідні дані)
Місце публікації, розповсюдження і т.п. (П) Москва
Ім’я/ наймення видавництва, розповсюджувача і т.п. (П) Художественная литература
Дата публікації, розповсюдження і т.п. (П) 1971
300 ## - Фізичний опис
Обсяг 768 с.
Інші фізичні характеристики (НП) Ілюстрації
650 #7 - Додаткове предметне введення – тематичний термін
Джерело заголовка чи терміна UDC
700 1# - Додаткове введення – ім'я особи
Ім’я особи (НП) Роттердамский Э.
Термін відношення авт.
700 1# - Додаткове введення – ім'я особи
Ім’я особи (НП) Гуттен У. ф
Термін відношення авт.
942 ## - Додаткові елементи входу (Коха)
Тип елемента Koha Books
Source of classification or shelving scheme Universal Decimal Classification
955 ## - Код типу видання за змістом
Код типу видання за змістом (НП) інше
Holdings
Стан вилучень Стан втрат Джерело класифікації або схеми стелажів Стан уражень Не для кредиту Постійне місце розташування Поточне розміщення Дата придбання Вартість, звичайна ціна покупки Інвентарний номер Усього замовленно Повний номер виклику Штрих-код Дата останнього перегляду Ціна ефективна від Тип елемента Koha
    Universal Decimal Classification     АБ - Абонемент НБ АБ - Абонемент НБ 01/02/2005 5.00 6588   821.112.2 Б87 6588 02/05/2022 01/02/2005 Books